<?xml version="1.0" encoding="UTF-8"?><?xml-stylesheet type="text/xsl" href="static/style.xsl"?><OAI-PMH xmlns="http://www.openarchives.org/OAI/2.0/" xmlns:xsi="http://www.w3.org/2001/XMLSchema-instance" xsi:schemaLocation="http://www.openarchives.org/OAI/2.0/ http://www.openarchives.org/OAI/2.0/OAI-PMH.xsd"><responseDate>2026-06-03T11:44:05Z</responseDate><request verb="GetRecord" identifier="oai:riuma.uma.es:10630/39336" metadataPrefix="marc">https://riuma.uma.es/rest/oai/request</request><GetRecord><record><header><identifier>oai:riuma.uma.es:10630/39336</identifier><datestamp>2026-02-03T11:37:45Z</datestamp><setSpec>com_10630_2254</setSpec><setSpec>col_10630_37960</setSpec></header><metadata><record xmlns="http://www.loc.gov/MARC21/slim" xmlns:dcterms="http://purl.org/dc/terms/" xmlns:doc="http://www.lyncode.com/xoai" xmlns:xsi="http://www.w3.org/2001/XMLSchema-instance" xsi:schemaLocation="http://www.loc.gov/MARC21/slim http://www.loc.gov/standards/marcxml/schema/MARC21slim.xsd">
   <leader>00925njm 22002777a 4500</leader>
   <datafield ind2=" " ind1=" " tag="042">
      <subfield code="a">dc</subfield>
   </datafield>
   <datafield ind2=" " ind1=" " tag="720">
      <subfield code="a">Minguet-Medina, Jorge</subfield>
      <subfield code="e">author</subfield>
   </datafield>
   <datafield ind2=" " ind1=" " tag="720">
      <subfield code="a">Rivas-Herencia, Eugenio</subfield>
      <subfield code="e">author</subfield>
   </datafield>
   <datafield ind2=" " ind1=" " tag="260">
      <subfield code="c">2024-12-10</subfield>
   </datafield>
   <datafield ind2=" " ind1=" " tag="520">
      <subfield code="a">Cuando fuimos llamados a escribir sobre Palma-Palmilla y los Asperones como “barrios&#xd;
olvidados”, apenas percibimos una leve extrañeza&#xd;
en ello. No ha sido sino&#xd;
al ir investigando sobre&#xd;
ellos que una idea se ha&#xd;
ido consolidando con&#xd;
fuerza: La Palma-Palmilla y Asperones, y muchos otros barrios como&#xd;
ellos, no son barrios olvidados, sino lugares diseñados para olvidar. El&#xd;
olvido no les ha sobrevenido con el tiempo y el&#xd;
abandono, sino que es su&#xd;
misma esencia, la motivación para su existencia.&#xd;
Son cajas de desmemoria&#xd;
donde se introduce todo&#xd;
aquello que queremos&#xd;
negar, cuya existencia no&#xd;
estamos dispuestos a reconocer.</subfield>
   </datafield>
   <datafield ind1="8" ind2=" " tag="024">
      <subfield code="a">https://hdl.handle.net/10630/39336</subfield>
   </datafield>
   <datafield tag="653" ind2=" " ind1=" ">
      <subfield code="a">Barrios - Málaga</subfield>
   </datafield>
   <datafield tag="653" ind2=" " ind1=" ">
      <subfield code="a">Urbanismo - Aspectos sociales</subfield>
   </datafield>
   <datafield tag="653" ind2=" " ind1=" ">
      <subfield code="a">Discriminación en la vivienda</subfield>
   </datafield>
   <datafield tag="653" ind2=" " ind1=" ">
      <subfield code="a">Arquitectura y sociedad</subfield>
   </datafield>
   <datafield ind2="0" ind1="0" tag="245">
      <subfield code="a">Barrios obliteradores, barrios para olvidar. Palma-Palmilla y Asperones (Málaga).</subfield>
   </datafield>
</record>
</metadata></record></GetRecord></OAI-PMH>